| 000 | 00807nam a2200241 i 4500 | ||
|---|---|---|---|
| 001 | bg | ||
| 100 | 1 | _aREKTORYS, Karel | |
| 245 | 1 | 0 |
_aSolving ordinary and partial boundary value problems : _bin science and engineering / _cKarel Rektorys. |
| 260 |
_aBoca Raton [etc.] : _bCRC, _ccop.1999. |
||
| 300 |
_aVIII, 203 s. : _brys., wykr. ; _c24 cm. |
||
| 490 | 1 | _aCRC Series in Computational Mechanics and Applied Analysis | |
| 504 | _aBibliogr. s 197.- Indeks. | ||
| 650 | 9 | _aMetody i |zagadnienia brzegowe | |
| 650 | 9 | _aRównania różniczkowe | |
| 830 | _aCRC Series in Computational Mechanics and Applied Analysis | ||
| 020 | _a0849325528 | ||
| 040 | _cBPK | ||
| 041 | 0 | _aen | |
| 080 | _a517.9:519.61/.64 | ||
| 920 | _a0-8493-2552-8 | ||
| 942 | _cKS | ||
| 008 | s pl f |000 0 pol | ||
| 999 |
_c37288 _d37288 |
||
| 856 |
_uhttp://koha.tu.koszalin.pl/cgi-bin/koha/opac-detail.pl?biblionumber=37288 _yKatalog online BPK |
||